000 00338nam a22001457a 4500
082 _a494
_bGOP/C
100 _aSRIDHAR, GOPIKA
245 _aCBSE HINDI-9 EXAM POINT
246 _aCBSE HINDI-9 EXAM POINT
_bCBSE HINDI-9 EXAM POINT
260 _aINDIA
_bMAXIMUM
_c2024
300 _a432
520 _aHINDI
650 _aHINDI
942 _cBK
999 _c8919
_d8919